कंप्यूटर :क्या? क्यो?? और कैसे??? (Record no. 61593)

MARC details
000 -LEADER
fixed length control field 01113 aa a2200229 4500
005 - DATE AND TIME OF LATEST TRANSACTION
control field 20120128123354.0
008 - FIXED-LENGTH DATA ELEMENTS--GENERAL INFORMATION
fixed length control field 080917t xxu||||| |||| 00| 0 hin d
010 ## - LCCN (DPL NO)
LC control number
020 ## - INTERNATIONAL STANDARD BOOK NUMBER
International Standard Book Number 8174630910
Terms of availability 200.00
035 ## - SYSTEM CONTROL NUMBER
System control number B-241363
037 ## - SOURCE OF ACQUISITION
Source of stock number/acquisition
082 ## - DEWEY DECIMAL CLASSIFICATION NUMBER
Classification number 004
100 ## - MAIN ENTRY--PERSONAL NAME
Personal name मिश्र,अमित कुमार
9 (RLIN) 40261
245 ## - TITLE STATEMENT
Title कंप्यूटर :क्या? क्यो?? और कैसे???
Statement of responsibility, etc अमित कुमार मिश्र
246 ## - VARYING FORM OF TITLE
Title proper/short title Computer; kya?kyon?aur kaise??
Remainder of title by-Amit kumar Mishra
260 ## - PUBLICATION, DISTRIBUTION, ETC. (IMPRINT)
Place of publication, distribution, etc दिल्ली
Name of publisher, distributor, etc पांडुलिपि प्रकाशन
Date of publication, distribution, etc 2008
270 ## - ADDRESS
Address 77/1,ईस्ट आजाद नगर
City दिल्ली
Postal code 110051
300 ## - PHYSICAL DESCRIPTION
Extent 184पृ
Other physical details (सचित्र)
Dimensions 22सेमी(सजिल्द)
500 ## - GENERAL NOTE
General note यह पुस्तक सन् 2005 में आई हुई है
942 ## - ADDED ENTRY ELEMENTS (KOHA)
Institution code [OBSOLETE] dpl
Item type Hindi Books
Call number prefix 004 / मिश्रअ
Source of classification or shelving scheme Dewey Decimal Classification
Classification part 004
Call number suffix मिश्रअ
Holdings
Withdrawn status Lost status Source of classification or shelving scheme Damaged status Not for loan Collection code Home library Current library Date acquired Cost, normal purchase price Total Checkouts Full call number Barcode Date last seen Cost, replacement price Koha item type Public note
    Dewey Decimal Classification     Non-fiction Sarojini Nagar Sarojini Nagar 28/01/2012 200.00 2 004 मिश्रअ B-241363 27/06/2019 200.00 Hindi Books Withdrawn List Prepared List No. 24/07
    Dewey Decimal Classification     Non-fiction Sarojini Nagar Sarojini Nagar 19/11/2018     004 मिश्रअ B-151402 19/11/2018   Hindi Books  

© Delhi Public Library
Hit Counter
free hit counter